| 000 | 00460nam a2200157 4500 | ||
|---|---|---|---|
| 001 | 4200 | ||
| 005 | 20181127172839.0 | ||
| 090 | 0 | 0 | _a621.3805 C9589t 2013 |
| 245 | 0 | 0 |
_aA technical journal : _bVision, innoviation, change. _c _h |
| 260 | 0 | 0 |
_aPhuentsholing : _bCollege of Science and Technology, _c2013. |
| 300 | 0 | 0 | _a99 p. ; 28 cm. |
| 500 | 0 | 0 | _aCST Zorig Melong. |
| 650 | 0 | 0 |
_aElectrical engineering. _x |
| 650 | 0 | 0 |
_aElectronics. _x |
| 650 | 0 | 0 |
_aSystems engineering. _x |
| 999 |
_c3450 _d3450 |
||